Accesibilidad universal en las escuelas Buenaventura Corrales y Pilar Jiménez
Gardado en:
| Autor Principal: | |
|---|---|
| Formato: | Libro |
| Publicado: |
[San José, Costa Rica]
2007
|
| Materias: | |
| Etiquetas: |
Engadir etiqueta
Sen Etiquetas, Sexa o primeiro en etiquetar este rexistro!
|
MARC
| LEADER | 00000nam a2200000Ia 4500 | ||
|---|---|---|---|
| 003 | 009953 | ||
| 005 | 20221231144107.0 | ||
| 008 | 140114s2007 cr a 000 ||s d | ||
| 040 | |c cru CEDI | ||
| 090 | |a TFG 5482 | ||
| 100 | |a Ureña Ureña, Luis Ricardo |9 4809 | ||
| 245 | |a Accesibilidad universal en las escuelas Buenaventura Corrales y Pilar Jiménez | ||
| 260 | |c 2007 |b [San José, Costa Rica] | ||
| 300 | |a xi, 134, [69] hojas; ilustraciones, planos | ||
| 500 | |a Tesis (licenciatura en ingeniería civil)--Universidad de Costa Rica. Facultad de Ingeniería. Escuela de Ingeniería Civil | ||
| 650 | |x CONSTRUCCIONES METALICAS |x EDIFICIOS - REPARACION Y RECONSTRUCCION |x ARQUITECTURA Y PERSONAS CON DISCAPACIDADES |x INVESTIGACIONES |9 4810 | ||
| 942 | |c TFG | ||
| 999 | |c 16795 |d 16795 | ||
